000 00612nam a2200229Ia 4500
003 OSt
005 20220916111118.0
006 a|||||r|||| 00| 0
007 ta
008 220915b |||||||| |||| 00| 0 eng d
024 _a252175
037 _cTextbook
040 _beng
_aARTS
_cARTS
041 _aeng
082 _aO111,2NHA,1, L0
100 _aHampton Christopher
245 0 _aPhilanthropist: A bourgeois comedy
260 _aLondon
_bFaber and Faber UK
650 _aENGLISH LITERATURE
942 _hO111,2NHA,1, L0
_cTB
_2CC
999 _c105744
_d105744